000 00717nam a2200289Ia 4500
005 20260324130715.0
008 008 260324s9999 xx 000 0 eng d
020 _a9781315416014
037 _aEBOOK
040 _aCRL
040 _beng
040 _cCRL
041 _2eng
041 _aeng
084 _qCRL
100 _aDavid Jeffreys
_91182794
245 0 _aViews of Ancient Egypt since Napoleon Bonaparte
245 0 _bImperialism, Colonialism and Modern Appropriations
260 _bTaylor and Francis
260 _c2007
365 _a
365 _b300
856 _uhttp://www.taylorfrancis.com/books/9781315416014
942 _cEBOOK
999 _c1779192
_d1779192